000 00739nam a2200205Ia 4500
003 OSt
005 20250814141146.0
008 210210b2006 xxu||||| |||| 00| 0 eng d
040 _cAL
041 _aKannada
082 _aK894.8 SUBG
100 _aSubbanna K V nenapina modala odu malike
_d: ಸುಬ್ಬಣ್ಣ ಕೆ ವಿ ನೆನಪಿನ ಮೊದಲ ಓದು ಮಾಲಿಕೆ
_9199094
245 _aGaurisha Kaykini avara ayda barahagalu
_b: ಗೌರೀಶ ಕಾಯ್ಕಿಣಿ ಅವರ ಆಯ್ದ ಬರಹಗಳು
260 _aHeggodu
_bAkshara Prakashana
_c2006
300 _a108p
650 _aGaurisha Kaykini
_9199095
690 _aKannada Collections
_9199096
906 _a061580
942 _2ddc
_cBK
999 _c108377
_d108377